| 000 | 01575nam a22004217a 4500 | ||
|---|---|---|---|
| 003 | CHAP | ||
| 005 | 20230613062626.0 | ||
| 008 | 971014s1996 r 00010 d | ||
| 010 | _a62665 | ||
| 011 | _a63637 | ||
| 035 | _a67813 | ||
| 040 | _cCHAP | ||
| 082 |
_a382 _bP3 |
||
| 100 | 0 | 0 |
_aPallán Figueroa, Carlos _eed. _984935 |
| 245 | _aMéxico y las Américas memorias de la VIII conferencia ANUIES-PROFMEX | ||
| 260 |
_aMéxico, D.F. : _bAsociación Nacional de Universidades e Instituciones de Educación Superior, _c1996 |
||
| 300 |
_a528 p. _b: tablas |
||
| 490 | _aColección biblioteca de la educación superior | ||
| 590 |
_aBATCH-UPD _b10 _c20130110 _lUCH01 _h0154 |
||
| 590 |
_aBATCH-UPD _b10 _c20130110 _lUCH01 _h0749 |
||
| 590 |
_aBATCH-UPD _b10 _c20130409 _lUCH01 _h2155 |
||
| 590 |
_aBATCH-UPD _b10 _c20130410 _lUCH01 _h0646 |
||
| 590 |
_aBATCH-UPD _b10 _c20130914 _lUCH01 _h0402 |
||
| 590 |
_aCONVERSION _b10 _c20130109 _lUCH01 _h1334 |
||
| 650 | 0 | 4 |
_aMéxico _xComercio _zE.U.A. |
| 650 | 1 | 4 |
_aAgricultura _xAspectos economicos _zMexico. _91312 |
| 650 | 1 | 7 |
_aCooperación internacional _2 _927771 |
| 650 | 1 | 4 |
_aEducación _xAmérica Latina. _935411 |
| 650 | 1 | 4 |
_aMéxico _xRelaciones exteriores _xE.U.A. _976792 |
| 650 | 1 | 4 |
_aMujer. _979312 |
| 650 | 1 | 4 |
_aTelecomunicaciones. _9112078 |
| 700 | 0 |
_aArroyo Alejandre, Jesús _eed. _97515 |
|
| 700 | 0 |
_aWilkie, James W. _eed. _9121967 |
|
| 830 | 0 |
_aColección biblioteca de la educación superior _924718 |
|
| 901 | _aBK | ||
| 942 | _cLIBRO | ||
| 949 |
_a382 P3 _bBC _cLIBRO _d33724000688792 _eLIBRO _gI.c/e _h92387 _i67813 _sb |
||
| 999 |
_c62665 _d62665 |
||